[Event "ChessOrg Schachfestival 2024 Bad Wörishofen"]
[White "Weinwurm, Wolfgang"]
[Black "Daeubler, Heinrich"]
[Site "Bad Woerishofen"]
[Round "5.6"]
[Annotator "wempe"]
[Result "1/2-1/2"]
[Date "2024.??.??"]
[WhiteElo "2016"]
[BlackElo "2140"]
[PlyCount "55"]
[GameId "2118793979548018"]
[EventDate "2024.03.12"]

{[%evp 0,14,27,27,99,67,81,74,73,73,99,32,34,28,53,36,27]} 1. e4 g6 2. d4 Bg7 3. Nc3 d6 4. Be3 a6 5. g4 e5 6. d5 Bh6 7. Bxh6 Nxh6 8. h3 f6 9. Bd3 Nd7 10. Nge2 Nc5 11. Ng3 Qe7 12. Be2 Bd7 13. a4 a5 14. Nb5 Bxb5 15. axb5 b6 16. b4 Nb7 17. Qd2 Nf7 18. h4 O-O 19. bxa5 Rxa5 20. Rxa5 Nxa5 21. O-O f5 22. exf5 Qxh4 23. Kg2 Nb7 24. Rh1 Qg5 25. Qxg5 Nxg5 26. Ra1 Na5 27. Bd3 Kg7 28. f3 1/2-1/2

[Event "ChessOrg Schachfestival 2024 Bad Wörishofen"]
[White "Ernst, Michael"]
[Black "Zwick, Hubert"]
[Site "Bad Woerishofen"]
[Round "5.7"]
[Annotator "wempe"]
[Result "0-1"]
[Date "2024.??.??"]
[WhiteElo "2100"]
[BlackElo "2003"]
[PlyCount "54"]
[GameId "2118793979548019"]
[EventDate "2024.03.12"]

{[%evp 0,13,24,19,21,-16,37,30,24,31,39,42,42,6,3,18]} 1. d4 d5 2. c4 dxc4 3. e3 Nf6 4. Nf3 a6 5. Bxc4 e6 6. Qe2 b5 7. Bd3 c5 8. dxc5 Bxc5 9. O-O Nbd7 10. e4 Bb7 11. Nbd2 e5 12. a3 Qe7 13. b4 Bb6 14. Bb2 Rc8 15. Rac1 O-O 16. h3 Nh5 17. Rxc8 Rxc8 18. Rd1 Nf4 19. Qf1 Rc6 20. Ne1 Rg6 21. Kh2 Qh4 22. g3 Qh5 23. Rc1 Nf6 24. g4 Nxg4+ 25. Kh1 Nxf2+ 26. Kh2 N2xh3 27. Be2 Qh6 0-1

[Event "ChessOrg Schachfestival 2024 Bad Wörishofen"]
[White "Gass, Ulrich"]
[Black "Tscharotschkin, Michael"]
[Site "Bad Woerishofen"]
[Round "5.8"]
[Annotator "wempe"]
[Result "0-1"]
[Date "2024.??.??"]
[WhiteElo "1941"]
[BlackElo "2062"]
[PlyCount "120"]
[GameId "2118793979548020"]
[EventDate "2024.03.12"]

{[%evp 0,14,24,24,42,39,30,19,19,23,14,14,14,3,-14,-8,-22]} 1. e4 e6 2. Nf3 d5 3. e5 a6 4. d4 c5 5. c3 Nc6 6. Be3 Qb6 7. Qd2 Bd7 8. dxc5 Bxc5 9. Bxc5 Qxc5 10. Qg5 g6 11. Nbd2 h6 12. Qh4 Nge7 13. Bd3 O-O-O 14. O-O Nf5 15. Bxf5 exf5 16. Nb3 Qe7 17. Qxe7 Nxe7 18. Nfd4 f4 19. e6 fxe6 20. Rfe1 Nc6 21. Nxe6 Bxe6 22. Rxe6 d4 23. Rae1 g5 24. c4 d3 25. Kf1 Nd4 26. Nxd4 Rxd4 27. b3 g4 28. R1e4 Rhd8 29. Rxd4 Rxd4 30. Ke1 Kd7 31. Rxh6 Re4+ 32. Kd2 Re2+ 33. Kxd3 Rxf2 34. Ke4 Rxa2 35. Kxf4 Rxg2 36. h4 gxh3 37. Rxh3 Kc6 38. Ke4 Kc5 39. Kd3 Kb4 40. Rh7 b5 41. cxb5 axb5 42. Rh5 Rb2 43. Rg5 Rxb3+ 44. Kc2 Ka3 45. Rg8 Rh3 46. Ra8+ Kb4 47. Rb8 Rh2+ 48. Kd3 Rb2 49. Rb7 Ka3 50. Ra7+ Kb3 51. Rh7 b4 52. Rb7 Rb1 53. Kd2 Ka2 54. Ra7+ Kb2 55. Rb7 b3 56. Rb6 Rh1 57. Rb7 Rh5 58. Rg7 Rd5+ 59. Ke3 Ka2 60. Rc7 Kb1 0-1

[Event "ChessOrg Schachfestival 2024 Bad Wörishofen"]
[White "Neumann, Joachim"]
[Black "Hinz, Holger"]
[Site "Bad Woerishofen"]
[Round "5.9"]
[Annotator "wempe"]
[Result "1/2-1/2"]
[Date "2024.??.??"]
[WhiteElo "2062"]
[BlackElo "2001"]
[PlyCount "55"]
[GameId "2118793979548021"]
[EventDate "2024.03.12"]

{[%evp 0,28,24,14,20,-4,32,16,29,18,18,15,19,17,44,10,31,5,60,42,38,38,37,44,39,3,27,31,18,-31,-22]} 1. Nf3 Nf6 2. c4 g6 3. g3 Bg7 4. Bg2 O-O 5. d4 d6 6. O-O Nc6 7. Nc3 e5 8. dxe5 Nxe5 9. Nxe5 dxe5 10. Qxd8 Rxd8 11. Bg5 Rd4 12. Nd5 Nxd5 13. cxd5 e4 14. Bf4 Rxd5 15. Bxe4 Rd7 16. Rad1 c6 17. b3 Bf6 18. h4 Rxd1 19. Rxd1 Be6 20. Bg5 Kg7 21. Bxf6+ Kxf6 22. Bc2 a5 23. f3 Ke7 24. a3 b5 25. Kf2 b4 26. Ra1 bxa3 27. Rxa3 c5 28. Bd3 1/2-1/2

[Event "ChessOrg Schachfestival 2024 Bad Wörishofen"]
[White "Bohnstorff, Michael"]
[Black "Scharrer, Udo"]
[Site "Bad Woerishofen"]
[Round "5.10"]
[Annotator "wempe"]
[Result "0-1"]
[Date "2024.??.??"]
[WhiteElo "2043"]
[BlackElo "1986"]
[PlyCount "42"]
[GameId "2118793979548022"]
[EventDate "2024.03.12"]

{[%evp 0,13,39,21,27,27,51,17,14,4,33,7,16,-9,9,24]} 1. d4 Nf6 2. Nf3 g6 3. c3 Bg7 4. Bf4 d6 5. e3 O-O 6. Be2 c5 7. O-O Qb6 8. Qb3 Be6 9. Qxb6 axb6 10. Na3 Nc6 11. Ng5 Bf5 12. h3 Nd5 13. g4 Nxf4 14. exf4 Be6 15. Nc4 Bxc4 16. Bxc4 cxd4 17. cxd4 Bxd4 18. Rab1 e6 19. Rfd1 d5 20. Bb5 Bg7 21. a3 Nd4 0-1

[Event "ChessOrg Schachfestival 2024 Bad Wörishofen"]
[White "Halli, Gerhard"]
[Black "Kutschenko, Roland"]
[Site "Bad Woerishofen"]
[Round "5.11"]
[Annotator "wempe"]
[Result "0-1"]
[Date "2024.??.??"]
[WhiteElo "1928"]
[BlackElo "2024"]
[PlyCount "88"]
[GameId "2118793979548023"]
[EventDate "2024.03.12"]

{[%evp 0,16,39,13,27,21,12,0,33,41,41,-28,-32,-45,-32,-56,-57,-46,-40]} 1. d4 Nf6 2. Bf4 c5 3. e3 cxd4 4. exd4 Qb6 5. Bc1 d5 6. c3 Nc6 7. Nf3 Bf5 8. Bd3 Bg6 9. O-O e6 10. Qe2 Bd6 11. Re1 Qc7 12. Nbd2 Bxd3 13. Qxd3 O-O 14. Nf1 Ne4 15. N3d2 f5 16. f3 Nxd2 17. Bxd2 Rae8 18. Be3 f4 19. Bf2 Rf6 20. Re2 a6 21. Rae1 b5 22. a3 Na5 23. Nd2 Nc4 24. Nxc4 bxc4 25. Qc2 Qd7 26. b4 Rh6 27. Rb1 Rb8 28. Qd1 g5 29. h3 Rg6 30. Reb2 h5 31. a4 g4 32. fxg4 hxg4 33. hxg4 Qg7 34. b5 a5 35. Qf3 Rb6 36. Re1 Bc7 37. Rbe2 Kf7 38. Bg3 Rxg4 39. Bh2 Qg5 40. g3 Ke7 41. Rf1 Rb8 42. Kh1 Rh8 43. gxf4 Rxf4 44. Qg2 Rxh2+ 0-1

[Event "ChessOrg Schachfestival 2024 Bad Wörishofen"]
[White "Remensberger, Hansuli"]
[Black "Larem, Ewald"]
[Site "Bad Woerishofen"]
[Round "5.12"]
[Annotator "wempe"]
[Result "1-0"]
[Date "2024.??.??"]
[WhiteElo "2024"]
[BlackElo "1977"]
[PlyCount "115"]
[GameId "2103455976195442"]
[EventDate "2024.03.12"]

1. c4 e6 2. Nf3 d5 3. e3 Nf6 4. Nc3 Be7 5. b3 O-O 6. Bb2 c5 7. cxd5 Nxd5 8. Rc1 b6 9. Nxd5 Qxd5 10. Bc4 Qd8 11. O-O Bb7 12. d4 Nd7 13. d5 Bxd5 14. Bxd5 exd5 15. Qxd5 Bf6 16. Rcd1 Bxb2 17. Qxd7 Qxd7 18. Rxd7 Rfd8 19. Rfd1 Bf6 20. Kf1 Kf8 21. Ke2 Ke8 22. Rxd8+ Rxd8 23. Rxd8+ Kxd8 24. e4 Kd7 25. Kd3 Kc6 26. g4 Kb5 27. e5 Bd8 28. Nd2 Bc7 29. Nc4 Kc6 30. Ke4 b5 31. Ne3 a5 32. a4 g6 33. f4 Bd8 34. Nd5 c4 35. bxc4 b4 36. Kd4 Bh4 37. f5 Bf2+ 38. Kd3 Bh4 39. Nf4 Bg5 40. Ne2 Kc5 41. Ng3 Bf4 42. Ne4+ Kc6 43. e6 fxe6 44. f6 Kd7 45. h4 Ke8 46. c5 Kd7 47. Kc4 Be5 48. g5 Kc6 49. Nd2 Kd7 50. Kb5 Bc7 51. c6+ Kd8 52. Nb3 e5 53. Nc5 Kc8 54. Nb7 Bd8 55. Kc4 e4 56. Nxd8 e3 57. f7 e2 58. f8=Q 1-0

[Event "ChessOrg Schachfestival 2024 Bad Wörishofen"]
[White "Bruchmann, Norbert"]
[Black "Gerl, Hans"]
[Site "Bad Woerishofen"]
[Round "5.13"]
[Annotator "wempe"]
[Result "1-0"]
[Date "2024.??.??"]
[WhiteElo "2057"]
[BlackElo "1965"]
[PlyCount "119"]
[GameId "2103456020510082"]
[EventDate "2024.03.12"]

1. e4 c5 2. Nc3 d6 3. f4 Nc6 4. Bb5 Bd7 5. Nf3 g6 6. O-O Bg7 7. d3 e6 8. Bxc6 Bxc6 9. f5 Nf6 10. fxe6 fxe6 11. Qe1 e5 12. Bg5 h6 13. Be3 O-O 14. a4 Nh5 15. Qd2 Kh7 16. b3 Qe7 17. g3 Rf7 18. Nh4 Raf8 19. Qe2 Nf4 20. Qd2 Ne6 21. Rxf7 Qxf7 22. Qe2 Nd4 23. Bxd4 exd4 24. Nb5 Bxb5 25. axb5 b6 26. Kg2 h5 27. Nf3 Bh6 28. Rf1 Qe8 29. Nh4 Rxf1 30. Qxf1 Kg7 31. Qa1 Qf7 32. Qa6 Be3 33. Qc8 Qf2+ 34. Kh3 Qf1+ 35. Ng2 Qf7 36. Nh4 Bg5 37. Ng2 Kh7 38. Ne1 Bh6 39. Kg2 Be3 40. Nf3 g5 41. h3 Kg7 42. g4 hxg4 43. hxg4 Bf4 44. Qf5 Qxf5 45. exf5 Kf6 46. Ng1 Ke5 47. Kf3 d5 48. Ke2 Kd6 49. Nh3 Bc1 50. Nf2 Ke5 51. Kf3 Bf4 52. Nh1 Kd6 53. Ng3 Ke5 54. Nh5 Bc1 55. Ng7 Bf4 56. Ne6 Bc1 57. Nd8 Kd6 58. Nc6 a6 59. f6 Ke6 60. bxa6 1-0

[Event "ChessOrg Schachfestival 2024 Bad Wörishofen"]
[White "Wegemund, Hubert"]
[Black "Geyer, Bernhard"]
[Site "Bad Woerishofen"]
[Round "5.14"]
[Annotator "wempe"]
[Result "0-1"]
[Date "2024.??.??"]
[WhiteElo "1963"]
[BlackElo "2119"]
[PlyCount "68"]
[GameId "2103457061127565"]
[EventDate "2024.03.12"]

1. e4 d6 2. d4 Nf6 3. Nc3 g6 4. h3 Bg7 5. Nf3 O-O 6. Be3 Nbd7 7. Be2 e5 8. dxe5 dxe5 9. O-O h6 10. Qd2 Kh7 11. Nh2 Qe7 12. Ng4 Nxg4 13. hxg4 Nb6 14. Rad1 Qb4 15. b3 c6 16. g3 Be6 17. Kg2 Rad8 18. Qe1 f5 19. gxf5 gxf5 20. Bf3 f4 21. Bd2 Qe7 22. Ne2 Qg5 23. Rh1 Qg6 24. Ng1 Nd7 25. Bc1 Nf6 26. Rxd8 Rxd8 27. Bb2 fxg3 28. fxg3 Ng4 29. Bxg4 Bxg4 30. Nf3 Bxf3+ 31. Kxf3 Rf8+ 32. Kg2 Rf4 33. Rf1 Rxe4 34. Qd1 Re3 0-1

[Event "ChessOrg Schachfestival 2024 Bad Wörishofen"]
[White "Barten, Ralf"]
[Black "Kierzek, Matthias"]
[Site "Bad Woerishofen"]
[Round "5.15"]
[Annotator "wempe"]
[Result "0-1"]
[Date "2024.??.??"]
[WhiteElo "1963"]
[BlackElo "2112"]
[PlyCount "76"]
[GameId "2103458495767960"]
[EventDate "2024.03.12"]

1. Nf3 d5 2. d4 Nf6 3. c4 c6 4. Qc2 g6 5. Bf4 Bg7 6. e3 Bf5 7. Bd3 Bxd3 8. Qxd3 O-O 9. Nbd2 Nbd7 10. O-O c5 11. dxc5 Nxc5 12. Qa3 Nce4 13. Nxe4 dxe4 14. Rfd1 Qc8 15. Nd2 Qe6 16. Rac1 Nh5 17. Bc7 f5 18. b4 Rfc8 19. Bg3 Nxg3 20. hxg3 Rd8 21. Nb3 Rxd1+ 22. Rxd1 Qxc4 23. Rd7 b6 24. b5 Bf6 25. Nd4 e5 26. Qb3 Qxb3 27. Nxb3 a6 28. a4 axb5 29. axb5 Ra3 30. Nd2 Rd3 31. Rxd3 exd3 32. e4 Bg5 33. Nb1 fxe4 34. Nc3 e3 35. fxe3 Bxe3+ 36. Kf1 Kf7 37. Nd5 Bd4 38. Nb4 e4 0-1

[Event "ChessOrg Schachfestival 2024 Bad Wörishofen"]
[White "Oberhofer, Max"]
[Black "Wild, Helmut"]
[Site "Bad Woerishofen"]
[Round "5.17"]
[Annotator "wempe"]
[Result "1/2-1/2"]
[Date "2024.??.??"]
[WhiteElo "2084"]
[BlackElo "1953"]
[PlyCount "70"]
[GameId "2103458926081454"]
[EventDate "2024.03.12"]

1. d4 d5 2. e4 c6 3. Nd2 dxe4 4. Nxe4 Bf5 5. Ng3 Bg6 6. h4 h6 7. h5 Bh7 8. Nf3 Nd7 9. Bd3 Bxd3 10. Qxd3 Ngf6 11. Bd2 e6 12. O-O-O Qc7 13. Kb1 O-O-O 14. Qe2 Bd6 15. Ne4 Nxe4 16. Qxe4 Nf6 17. Qe2 Bf4 18. Bxf4 Qxf4 19. Rh4 Qc7 20. Nd2 Rhe8 21. Ne4 Nd7 22. Qf3 f5 23. Nd2 Nf6 24. c3 Qd7 25. Rhh1 Ng4 26. Nc4 Qd5 27. Qe2 Nxf2 28. Qxf2 Qxc4 29. Rde1 Qd3+ 30. Kc1 Qc4 31. Kc2 Qa4+ 32. Kb1 Qc4 33. Qg3 Re7 34. b3 Qd5 35. Re5 Qd6 1/2-1/2

[Event "ChessOrg Schachfestival 2024 Bad Wörishofen"]
[White "Kamm, Guenter"]
[Black "Walther, Reinhard"]
[Site "Bad Woerishofen"]
[Round "5.18"]
[Annotator "wempe"]
[Result "0-1"]
[Date "2024.??.??"]
[WhiteElo "1881"]
[BlackElo "1999"]
[PlyCount "70"]
[GameId "2104242918442428"]
[EventDate "2024.03.12"]

1. e4 g6 2. d4 Bg7 3. Nc3 c6 4. Be2 Qb6 5. Nf3 d6 6. a4 Bg4 7. a5 Qc7 8. Be3 Nd7 9. Ng5 Bxe2 10. Qxe2 e5 11. Qc4 Nh6 12. O-O O-O 13. h3 Rac8 14. f4 b5 15. axb6 Nxb6 16. Qd3 Qe7 17. dxe5 dxe5 18. f5 Bf6 19. Ne6 fxe6 20. Bxh6 Rfd8 21. Qe3 exf5 22. exf5 Bh4 23. Qf3 gxf5 24. Qxf5 Rd6 25. Be3 Rf6 26. Qe4 Rg6 27. Rf5 Re8 28. Raf1 Bg3 29. b3 Nd7 30. Ne2 Nc5 31. Qc4+ Ne6 32. Nxg3 Rxg3 33. Rxe5 Rg6 34. Bd4 Qh4 35. Kh2 Qg3+ 0-1

[Event "ChessOrg Schachfestival 2024 Bad Wörishofen"]
[White "Wulf, Juergen"]
[Black "Fiedler, Wolfgang"]
[Site "Bad Woerishofen"]
[Round "5.19"]
[Annotator "wempe"]
[Result "1/2-1/2"]
[Date "2024.??.??"]
[WhiteElo "1885"]
[BlackElo "1979"]
[PlyCount "59"]
[GameId "2104244817688007"]
[EventDate "2024.03.12"]

1. d4 g6 2. Nf3 Bg7 3. e3 d6 4. Be2 Nc6 5. c4 e5 6. Nc3 Bg4 7. O-O Rb8 8. Qa4 Bd7 9. Qd1 Nf6 10. d5 Ne7 11. e4 a5 12. h3 b6 13. Be3 O-O 14. Qd2 Ne8 15. Nh2 f5 16. f4 fxe4 17. fxe5 Rxf1+ 18. Rxf1 Bxe5 19. Ng4 Bxg4 20. Bxg4 Bg7 21. Be6+ Kh8 22. Nxe4 Nf5 23. Bg5 Nf6 24. Nxf6 Bxf6 25. Bxf6+ Qxf6 26. g4 Qd4+ 27. Qxd4+ Nxd4 28. Bd7 Kg7 29. Kg2 Rf8 30. Rxf8 1/2-1/2

[Event "ChessOrg Schachfestival 2024 Bad Wörishofen"]
[White "Hafner, Robert"]
[Black "Neese, Hans-Joachim"]
[Site "Bad Woerishofen"]
[Round "5.20"]
[Annotator "wempe"]
[Result "1/2-1/2"]
[Date "2024.??.??"]
[WhiteElo "1953"]
[BlackElo "2042"]
[PlyCount "84"]
[GameId "2104245780674075"]
[EventDate "2024.03.12"]

1. d4 e6 2. Nf3 Nf6 3. e3 c5 4. dxc5 Bxc5 5. c4 O-O 6. Nc3 Nc6 7. Be2 d5 8. cxd5 Nxd5 9. Bd2 b6 10. O-O Bb7 11. Rc1 Rc8 12. Qc2 Nf6 13. Rfd1 Qe7 14. Qb1 Rfd8 15. Be1 Bd6 16. Nb5 Bb8 17. Nbd4 Nxd4 18. Rxd4 Rxc1 19. Rxd8+ Qxd8 20. Qxc1 h6 21. Qd2 Qc7 22. Qc3 Qd6 23. Qb4 Qc7 24. Qc3 Bc6 25. Qc1 Ne4 26. g3 Ng5 27. Nxg5 hxg5 28. Qd1 Bd5 29. a3 Qe5 30. Qc1 Bb7 31. Bc3 Qd5 32. f3 g4 33. e4 Qc5+ 34. Kg2 Qh5 35. Qe3 gxf3+ 36. Bxf3 Qb5 37. Qd4 Qg5 38. Qd7 Ba6 39. Qe8+ Kh7 40. Qxb8 Qc1 41. Kf2 Qf1+ 42. Ke3 Qc1+ 1/2-1/2

[Event "ChessOrg Schachfestival 2024 Bad Wörishofen"]
[White "Heller, Achim"]
[Black "Diotallevi, Maurizio"]
[Site "Bad Woerishofen"]
[Round "5.21"]
[Annotator "wempe"]
[Result "1/2-1/2"]
[Date "2024.??.??"]
[WhiteElo "2040"]
[BlackElo "1959"]
[PlyCount "85"]
[GameId "2104246522365478"]
[EventDate "2024.03.12"]

1. d4 d5 2. Nf3 c6 3. c4 e6 4. e3 f5 5. Be2 Nf6 6. O-O Bd6 7. b3 Qe7 8. a4 a5 9. Ba3 O-O 10. Bxd6 Qxd6 11. Ne5 b6 12. Nd2 Nfd7 13. Nd3 Ba6 14. Rc1 Qe7 15. Nf3 Ra7 16. Qd2 dxc4 17. bxc4 c5 18. Nde5 Bb7 19. Rfd1 Nxe5 20. Nxe5 Nc6 21. Bf3 Nxe5 22. Bxb7 Nxc4 23. Rxc4 Qxb7 24. dxc5 bxc5 25. Qd6 Qe7 26. Qxe7 Rxe7 27. Rxc5 Ra8 28. Kf1 Ra6 29. Rb1 Kf7 30. Rbb5 Rea7 31. h4 h5 32. Ke2 g6 33. Kf3 Kf6 34. Kf4 Ra8 35. f3 R8a7 36. e4 fxe4 37. Kxe4 Rd7 38. Rxa5 Rad6 39. Rc4 Rd2 40. Rg5 Ra7 41. a5 Ra2 42. g4 hxg4 43. fxg4 1/2-1/2

[Event "ChessOrg Schachfestival 2024 Bad Wörishofen"]
[White "Lechner, Otto"]
[Black "Kirby, Peter"]
[Site "Bad Woerishofen"]
[Round "5.22"]
[Annotator "wempe"]
[Result "0-1"]
[Date "2024.??.??"]
[WhiteElo "1913"]
[BlackElo "1980"]
[PlyCount "58"]
[GameId "2104247632184880"]
[EventDate "2024.03.12"]

1. d4 Nf6 2. Nc3 d5 3. Bf4 a6 4. e3 c5 5. Nf3 Nc6 6. Ne5 cxd4 7. exd4 Qb6 8. Nxc6 Qxc6 9. Be2 Bf5 10. g4 Bg6 11. f3 e6 12. h4 h5 13. g5 Nd7 14. Qd2 Bb4 15. Bd3 Bxd3 16. Qxd3 g6 17. O-O-O Bxc3 18. Qxc3 Qxc3 19. bxc3 Rc8 20. Kd2 Rc4 21. Bd6 Rc6 22. Bb4 Nb6 23. Rb1 a5 24. Bc5 Nc4+ 25. Kd3 b6 26. Rb3 Kd7 27. Ba3 a4 28. Rb4 Nxa3 29. Rxa4 Nb5 0-1

[Event "ChessOrg Schachfestival 2024 Bad Wörishofen"]
[White "Marshall, Michael"]
[Black "Storkebaum, Ulrike"]
[Site "Bad Woerishofen"]
[Round "5.23"]
[Annotator "wempe"]
[Result "0-1"]
[Date "2024.??.??"]
[WhiteElo "1874"]
[BlackElo "1802"]
[PlyCount "42"]
[GameId "2104249394390586"]
[EventDate "2024.03.12"]

1. c4 e5 2. g3 Nf6 3. Bg2 Nc6 4. Nc3 Bd6 5. d3 Be7 6. Nf3 O-O 7. O-O Rb8 8. a3 g6 9. Nd2 Nd4 10. e3 Ne6 11. b4 c6 12. Bb2 Nc7 13. Qc2 Ng4 14. h3 Nh6 15. Ne2 f5 16. e4 Nf7 17. Kh2 d5 18. c5 Ne6 19. Nb3 Bd7 20. Rfd1 Qc7 21. Qd2 Bf6 {iniligable} 0-1

[Event "ChessOrg Schachfestival 2024 Bad Wörishofen"]
[White "Pichl, Michael"]
[Black "Steinhart, Matthias"]
[Site "Bad Woerishofen"]
[Round "5.24"]
[Annotator "wempe"]
[Result "1/2-1/2"]
[Date "2024.??.??"]
[WhiteElo "1860"]
[BlackElo "1768"]
[PlyCount "26"]
[GameId "2104249565435463"]
[EventDate "2024.03.12"]

1. e4 e5 2. Nf3 Nc6 3. g3 Nf6 4. Bg2 Nxe4 5. O-O Nf6 6. Re1 Be7 7. Nxe5 Nxe5 8. Rxe5 d6 9. Re1 O-O 10. h3 c6 11. c4 Re8 12. d4 h6 13. Nc3 Bf5 {schwer lesbar} 1/2-1/2

[Event "ChessOrg Schachfestival 2024 Bad Wörishofen"]
[White "Toenniges, Thomas"]
[Black "Van Amerongen-Jansen, Peggy"]
[Site "Bad Woerishofen"]
[Round "5.25"]
[Annotator "wempe"]
[Result "1-0"]
[Date "2024.??.??"]
[WhiteElo "2027"]
[BlackElo "1938"]
[PlyCount "61"]
[GameId "2104253567260242"]
[EventDate "2024.03.12"]

1. e4 c6 2. d4 d5 3. e5 Bf5 4. h4 h6 5. g4 Bc8 6. Bd3 e6 7. Nf3 c5 8. c3 Nd7 9. Be3 Qb6 10. Qd2 cxd4 11. cxd4 Ne7 12. Nc3 Nc6 13. O-O Be7 14. Kg2 Nf8 15. Rac1 Qd8 16. Rh1 f6 17. exf6 Bxf6 18. g5 hxg5 19. hxg5 Rxh1 20. Rxh1 Be7 21. Rh8 Kd7 22. Bb5 Bd6 23. Bf4 Qe7 24. Bxd6 Qxd6 25. Ne5+ Kc7 26. Bxc6 bxc6 27. Rg8 g6 28. Na4 a5 29. Nc5 Kb6 30. Rxf8 Qxf8 31. Ncd7+ 1-0

[Event "ChessOrg Schachfestival 2024 Bad Wörishofen"]
[White "Helbig, Dieter"]
[Black "Rick, Uwe"]
[Site "Bad Woerishofen"]
[Round "5.26"]
[Annotator "wempe"]
[Result "0-1"]
[Date "2024.??.??"]
[WhiteElo "1905"]
[BlackElo "2021"]
[PlyCount "74"]
[GameId "2104258107459163"]
[EventDate "2024.03.12"]

1. c4 c6 2. d4 d5 3. e3 Nf6 4. Nc3 a6 5. a4 e6 6. Bd3 a5 7. Nf3 Na6 8. Nd2 Be7 9. O-O O-O 10. c5 Nb4 11. Be2 b6 12. cxb6 Qxb6 13. Na2 Ba6 14. Bxa6 Nxa6 15. Qb3 Qc7 16. Qd1 Rab8 17. b3 Qb6 18. Rb1 Rfc8 19. Kh1 Nb4 20. Nxb4 Bxb4 21. f3 Nd7 22. f4 c5 23. Nf3 cxd4 24. exd4 Qc7 25. Rf2 Nf6 26. Bd2 Ne4 27. Rf1 Bxd2 28. Nxd2 Nc3 29. Rc1 Nxd1 30. Rxc7 Rxc7 31. Rxd1 Rbc8 32. Kg1 Rc1 33. Rxc1 Rxc1+ 34. Kf2 Kf8 35. Ke2 Ke7 36. g4 Rg1 37. g5 Rg2+ 0-1

[Event "ChessOrg Schachfestival 2024 Bad Wörishofen"]
[White "Heppell, Ian"]
[Black "Speicher, Franz"]
[Site "Bad Woerishofen"]
[Round "5.27"]
[Annotator "wempe"]
[Result "1/2-1/2"]
[Date "2024.??.??"]
[WhiteElo "1944"]
[BlackElo "1885"]
[PlyCount "33"]
[GameId "2104519465207396"]
[EventDate "2024.03.12"]

1. e4 d5 2. exd5 Nf6 3. c4 c6 4. Nc3 cxd5 5. cxd5 g6 6. Bc4 Bg7 7. Nf3 O-O 8. O-O Na6 9. d4 Nc7 10. Qb3 a6 11. a4 b5 12. axb5 axb5 13. Rxa8 bxc4 14. Rxc8 cxb3 15. Rxd8 Rxd8 16. Nd2 Rb8 17. d6 1/2-1/2

[Event "ChessOrg Schachfestival 2024 Bad Wörishofen"]
[White "Krueger, Norbert"]
[Black "Kastner, Reinhard"]
[Site "Bad Woerishofen"]
[Round "5.28"]
[Annotator "wempe"]
[Result "1-0"]
[Date "2024.??.??"]
[WhiteElo "1993"]
[BlackElo "1934"]
[PlyCount "97"]
[GameId "2104522192213620"]
[EventDate "2024.03.12"]

1. e4 c5 2. c3 d5 3. exd5 Qxd5 4. d4 e6 5. Nf3 Nf6 6. Na3 Qd8 7. Be3 cxd4 8. Nxd4 Bxa3 9. Qa4+ Bd7 10. Qxa3 Qe7 11. Qb3 Bc6 12. Nxc6 Nxc6 13. Be2 O-O 14. Bg5 Rab8 15. O-O h6 16. Bh4 g5 17. Bg3 Rbd8 18. Qc2 Qc5 19. Bd3 a5 20. Rfe1 Kg7 21. Qe2 Rd7 22. Rad1 Rfd8 23. Bc2 Rxd1 24. Rxd1 Rxd1+ 25. Qxd1 Qd5 26. Qxd5 Nxd5 27. Be4 f5 28. Bxd5 exd5 29. Bc7 Kf6 30. a4 Ke6 31. Kf1 Kd7 32. Bb6 Kd6 33. h3 Ke5 34. f3 f4 35. Ke1 Kd6 36. Ke2 Ke6 37. Bc7 Ne5 38. b3 Kf5 39. Bd6 Nc6 40. b4 Ke6 41. Bc5 b6 42. Bxb6 axb4 43. a5 Kd7 44. cxb4 Nxb4 45. Bc5 Nc6 46. a6 Kc7 47. Kd3 h5 48. Ke2 Ne5 49. Bd6+ 1-0

[Event "ChessOrg Schachfestival 2024 Bad Wörishofen"]
[White "Luciani, Carlo"]
[Black "Laustsen, Karl-Johan"]
[Site "Bad Woerishofen"]
[Round "5.30"]
[Annotator "wempe"]
[Result "1-0"]
[Date "2024.??.??"]
[WhiteElo "2162"]
[BlackElo "1897"]
[PlyCount "39"]
[GameId "2104522758440583"]
[EventDate "2024.03.12"]

1. e4 c5 2. Nf3 d6 3. d4 cxd4 4. Nxd4 Nf6 5. Nc3 a6 6. h3 e5 7. Nde2 Be7 8. g4 Be6 9. Bg2 Nc6 10. O-O O-O 11. Be3 b5 12. f4 exf4 13. Nxf4 Ne5 14. Bd4 Ned7 15. Ncd5 Nxd5 16. Nxd5 Bg5 17. Kh1 Rb8 18. a4 Ne5 19. axb5 axb5 20. Rf5 {unleserlich} 1-0

[Event "ChessOrg Schachfestival 2024 Bad Wörishofen"]
[White "Lange, Manfred"]
[Black "Harsch, Martin"]
[Site "Bad Woerishofen"]
[Round "5.31"]
[Annotator "wempe"]
[Result "1-0"]
[Date "2024.??.??"]
[WhiteElo "2036"]
[BlackElo "1942"]
[PlyCount "51"]
[GameId "2104524365055634"]
[EventDate "2024.03.12"]

1. Nf3 d5 2. d4 Nf6 3. c4 c6 4. g3 Bg4 5. Bg2 e6 6. Ne5 Bh5 7. cxd5 exd5 8. Nc3 Nbd7 9. Nd3 Be7 10. Nf4 Bg4 11. h3 Be6 12. O-O Nb6 13. b3 O-O 14. Nxe6 fxe6 15. Bb2 Qd7 16. a4 Nc8 17. e4 Bb4 18. e5 Ne8 19. Na2 Be7 20. Qc2 a6 21. Rac1 Na7 22. b4 Rc8 23. Qb3 Nc7 24. Rc2 Rf7 25. f4 Rcf8 26. h4 1-0

[Event "ChessOrg Schachfestival 2024 Bad Wörishofen"]
[White "Marian, Hartmut"]
[Black "James, Kevin"]
[Site "Bad Woerishofen"]
[Round "5.32"]
[Annotator "wempe"]
[Result "0-1"]
[Date "2024.??.??"]
[WhiteElo "1992"]
[BlackElo "1892"]
[PlyCount "62"]
[GameId "2104525287044763"]
[EventDate "2024.03.12"]

1. d4 g6 2. Bf4 Bg7 3. e3 d6 4. Nf3 Nd7 5. h3 Nh6 6. Be2 O-O 7. O-O e5 8. Bh2 f5 9. a4 a5 10. Na3 Nf7 11. c3 Kh8 12. Qc2 Qf6 13. Rad1 g5 14. Nd2 Rg8 15. Ndc4 c6 16. dxe5 dxe5 17. Rd2 Bf8 18. Bh5 f4 19. Rfd1 Nc5 20. e4 Nh6 21. Nb6 Rb8 22. Nxc8 Rxc8 23. Nc4 g4 24. hxg4 Nxg4 25. Bxg4 Rxg4 26. Nd6 Bxd6 27. Rxd6 Qf7 28. f3 Rgg8 29. b4 Ne6 30. Qa2 Ng5 31. Kf1 Qxa2 0-1

[Event "ChessOrg Schachfestival 2024 Bad Wörishofen"]
[White "Nordby, Bernt"]
[Black "Hilbenz, Guntram"]
[Site "Bad Woerishofen"]
[Round "5.33"]
[Annotator "wempe"]
[Result "0-1"]
[Date "2024.??.??"]
[WhiteElo "1971"]
[BlackElo "1871"]
[PlyCount "57"]
[GameId "2104526686512807"]
[EventDate "2024.03.12"]

1. d4 d5 2. c4 c6 3. Nf3 Nf6 4. e3 a6 5. Nc3 Bf5 6. c5 e6 7. b4 Nbd7 8. Bb2 Be7 9. Be2 h6 10. O-O O-O 11. a3 Qc7 12. Qd2 Rfe8 13. a4 Ne4 14. Nxe4 Bxe4 15. b5 Bf6 16. Bc3 e5 17. bxa6 bxa6 18. Ne1 exd4 19. exd4 g5 20. f3 Bg6 21. Bd3 Nf8 22. Bxg6 Nxg6 23. Nd3 Nf4 24. Nxf4 Qxf4 25. Qf2 Qe3 26. Rac1 Rab8 27. Qxe3 Rxe3 28. Kf2 Rxc3 29. h3 0-1